LEADER 01380nam a2200313 u 4500 001 000000000885 003 CaOOAMICUS 005 20070226104242.0 008 940513n xx u000 u und u 035 $a10018756 040 $aPUL$bita 041 0 $aita$alat 100 1 $aEmerix de Matthiis, Jacques,$d1626-1696.$0(OLS)http://pul/name/1004 245 13$aIl diario di Jacob Emerix de Matthiis decano della Sacra Romana Rota /$cJacob Emerix de Matthiis ; [a cura di] Mirella Tocci. 260 $aNapoli :$bEdizioni scientifiche italiane,$ccopyr. 1982. 300 $a295 p ;$c24 cm 490 1 $aIus nostrum.$a2a Serie ;$v2 610 24$aTribunale della rota romana.$0(OLS)http://pul/subject/41986 700 1 $aTocci, Mirella,$d1947-$0(OLS)http://pul/name/1005 830 0$aIus nostrum.$n2a Serie ;$v2.$0(OLS)http://pul/title/1294 850 $aPUL 852 $aPUL$W1$xSL Diritto Canonico 1$y5$m145 L 8$j1132$nBK-PRI$b $qStampati$B1132$CPULBib$Z2$F1132 $HPUL50124 $81 941 1 $a8 960 $aRomana Rota$941986 960 $aSacra romana rota$941986 960 $aRota romana$941986 960 $aRotae romanae tribunal$941986 996 $6245$aIl diario di Jacob Emerix de Matthiis decano della Sacra Romana Rota$9(OLS)http://pul/title/1293 996 $6260$aNapoli :$bEdizioni scientifiche italiane$9(OLS)http://pul/publisher/48388 LEADER 00999naa a2200217 u 4500 001 000000104130 003 CaOOAMICUS 005 20070226130218.0 008 061220s2003 it u000 u ita u 035 $a11111620 040 $aIAR$bita 100 1 $aFabbri, Natacha.$0(OLS)http://pul/name/63967 245 10$aTrinità, anima e apologia scientifica in Marin Mersenne /$cNatacha Fabbri. 260 $aPisa :$bScuola Norm.Sup.,$c2003. 300 $aS. 53-82 ;$c25 cm 500 $aIAR: FF-6.4,8 600 14$aMersenne, Marin,$d1588-1648.$0(OLS)http://pul/subject/33147 730 0 $aAnnali della Scuola normale superiore di Pisa, Classe di lettere e filosofia$g[Spogli].$0(OLS)http://pul/title/24292 773 0 $tAnnali della Scuola normale superiore di Pisa, Classe di lettere e filosofia$kSer,IV, vol.VIII,1-2 (2003)$w()16982 996 $6245$aTrinità, anima e apologia scientifica in Marin Mersenne$9(OLS)http://pul/title/131037 996 $6260$aPisa :$bScuola Norm.Sup.$9(OLS)http://pul/publisher/79183